Tolleys practical risk assessment handbook (Record no. 103571)

MARC details
000 -LEADER
fixed length control field 01852cam a2200445 4500
008 - FIXED-LENGTH DATA ELEMENTS--GENERAL INFORMATION
fixed length control field 040510n2003 000 0 eng u
020 ## - INTERNATIONAL STANDARD BOOK NUMBER
International Standard Book Number 0754522474
035 ## - SYSTEM CONTROL NUMBER
System control number (Sirsi) u126151
041 ## - LANGUAGE CODE
Language code of text/sound track or separate title eng
050 ## - LIBRARY OF CONGRESS CALL NUMBER
Classification number 344.410465
-- 18
100 ## - MAIN ENTRY--PERSONAL NAME
Personal name Bateman, Michael
245 ## - TITLE STATEMENT
Title Tolleys practical risk assessment handbook
250 ## - EDITION STATEMENT
Edition statement 4th ed.
260 ## - PUBLICATION, DISTRIBUTION, ETC.
Place of publication, distribution, etc. Croydon
Name of publisher, distributor, etc. LexisNexis Tolley
Date of publication, distribution, etc. 2003
300 ## - PHYSICAL DESCRIPTION
Extent viii, 393p.
Dimensions 23cm.
350 ## - PRICE (NR) (BK AM CF MU VM SE) [OBSOLETE]
Price 57.95
505 ## - FORMATTED CONTENTS NOTE
Formatted contents note What the Management of Health and Safety at Work Regulations 1999 require
505 ## - FORMATTED CONTENTS NOTE
Formatted contents note Special cases
505 ## - FORMATTED CONTENTS NOTE
Formatted contents note Carrying out risk assessments
505 ## - FORMATTED CONTENTS NOTE
Formatted contents note Assessment records
505 ## - FORMATTED CONTENTS NOTE
Formatted contents note Model risk assessments
505 ## - FORMATTED CONTENTS NOTE
Formatted contents note Specialised risk assessment techniques
505 ## - FORMATTED CONTENTS NOTE
Formatted contents note Implementation of precautions
505 ## - FORMATTED CONTENTS NOTE
Formatted contents note Control of Substances Hazardous to Health (COSHH) Regulations assessments
505 ## - FORMATTED CONTENTS NOTE
Formatted contents note Noise assessment
505 ## - FORMATTED CONTENTS NOTE
Formatted contents note Assessment of manual handling
505 ## - FORMATTED CONTENTS NOTE
Formatted contents note Assessment of display screen equipment workstations
505 ## - FORMATTED CONTENTS NOTE
Formatted contents note Assessment of Personal Protective Equipment requirements
505 ## - FORMATTED CONTENTS NOTE
Formatted contents note Fire and dangerous substances assessments
505 ## - FORMATTED CONTENTS NOTE
Formatted contents note Assessment of risks from asbestos in premises
505 ## - FORMATTED CONTENTS NOTE
Formatted contents note Risk assessment related concepts
505 ## - FORMATTED CONTENTS NOTE
Formatted contents note Assessing and managing risk - can you afford not to?
520 ## - SUMMARY, ETC.
Summary, etc. The fourth edition of this practical handbook contains all the necessary information for planning and conducting effective risk assessments in the workplace. Includes worked examples, checklists, case studies and model risk assessments/procedures. Tables of cases, statutes, statutory instruments and European legislation.
650 ## - SUBJECT ADDED ENTRY--TOPICAL TERM
Topical term or geographic name entry element RISK ASSESSMENTS
650 ## - SUBJECT ADDED ENTRY--TOPICAL TERM
Topical term or geographic name entry element HEALTH AND SAFETY AT WORK
650 ## - SUBJECT ADDED ENTRY--TOPICAL TERM
Topical term or geographic name entry element RISK MANAGEMENT
690 ## - LOCAL SUBJECT ADDED ENTRY--TOPICAL TERM (OCLC, RLIN)
Topical term or geographic name as entry element Health and safety
9 (RLIN) 6244
942 ## - ADDED ENTRY ELEMENTS (KOHA)
Suppress in OPAC 0
Holdings
Withdrawn status Lost status Source of classification or shelving scheme Damaged status Not for loan Home library Current library Shelving location Date acquired Cost, normal purchase price Total Checkouts Full call number Barcode Date last seen Date last checked out Copy number Cost, replacement price Price effective from Koha item type
    Dewey Decimal Classification     London London Books 28/05/2004 49.26 14 344.410465 BAT 30069343 06/08/2019 13/11/2006 1 49.26 06/08/2019 Book